000 00908nam a2200277 i 4500
003 DO-SdBNP
005 20250710131803.0
007 ta
008 250710b2025 dr a|||| |||| 00| 0 spa d
020 _a9789945224191
040 _aDO-SdBNP
_bspa
_cBNPHU
_erda
041 _aspa
082 4 _axxx
_bR696b
_222
100 _aRodríguez, Enmanuel,
_4aut.
_eautor
_988311
245 1 3 _aLa bruja Anyelina /
_cEnmanuel Rodríguez ; ilustraciones, Jordany Liranzo Jackson
264 1 _aSanto Domingo :
_bEditora Búho,
_c2025.
300 _a27 páginas :
_bilustraciones ;
_c27 cm.
336 _atexto
_btxt
_2rdacontent
337 _asin mediación
_bn
_2rdamedia
338 _avolumen
_bnc
_2rdacarrier
500 _aIncluye datos biográficos del autor en las solapas
590 _aInventariado, 2025/BT
700 1 _aLiranzo Jackson, Jordany,
_eilustrador
_4il.
_96478
910 _aBtavárez
942 _2ddc
_cLF2
999 _c59490
_d59490